Catálogo
 En Linea

Programa de formación inicial para docentes del nivel básico. Análisis de la propuesta curricular y del área psicopedagógica : (Registro nro. 35259)

Detalles MARC
000 -CABECERA
campo de control de longitud fija 00647nam a2200145 a 4500
001 - NÚMERO DE CONTROL
campo de control 000035768
005 - FECHA Y HORA DE LA ÚLTIMA TRANSACCIÓN
campo de control 20200930074608.0
008 - DATOS DE LONGITUD FIJA--INFORMACIÓN GENERAL
campo de control de longitud fija 111110s2011 dr 000 0 spa d
020 ## - NÚMERO INTERNACIONAL ESTÁNDAR DEL LIBRO
Número Internacional Estándar del Libro 9789945879001
040 ## - FUENTE DE LA CATALOGACIÓN
Centro catalogador/agencia de origen DO-SdBNP
Lengua de catalogación spa
Centro/agencia transcriptor BNPHU
100 1# - ENTRADA PRINCIPAL--NOMBRE DE PERSONA
Nombre de persona Castillo Díaz, Geneida
9 (RLIN) 61714
245 10 - MENCIÓN DE TÍTULO
Título Programa de formación inicial para docentes del nivel básico. Análisis de la propuesta curricular y del área psicopedagógica :
Resto del título Estudios de casos /
Mención de responsabilidad, etc. Gineida Castillo Díaz.
260 ## - PUBLICACIÓN, DISTRIBUCIÓN, ETC.
Lugar de publicación, distribución, etc. Santo Domingo :
Nombre del editor, distribuidor, etc. Pontificia Universidad Católica Madre Y Maestra :
-- Centro de Investigación Educativa y Desarrollo Humano,
Fecha de publicación, distribución, etc. 2011.
300 ## - DESCRIPCIÓN FÍSICA
Extensión 98 p. ;
Dimensiones 28 cm.
Existencias
Estado de retiro Estado de pérdida No para préstamo Código de colección Localización permanente Ubicación/localización actual Ubicación en estantería Fecha de adquisición Número de inventario Total de préstamos Signatura topográfica completa Código de barras Fecha visto por última vez Precio válido a partir de Tipo de ítem Koha
      Patrimonio Dominicano Patrimonio Dominicano Patrimonio Dominicano Orden iniciada 10.11.2011 LF1   35768-10 25.06.2020 25.06.2020 Libro y Folleto Colección Patrimonio Dominicano
      Patrimonio Dominicano Patrimonio Dominicano Patrimonio Dominicano Orden iniciada 10.11.2011 LF1   35768-20 25.06.2020 25.06.2020 Libro y Folleto Colección Patrimonio Dominicano
      Patrimonio Dominicano Patrimonio Dominicano Patrimonio Dominicano Orden iniciada 10.11.2011 LF1   35768-30 25.06.2020 25.06.2020 Libro y Folleto Colección Patrimonio Dominicano

Con tecnología Koha